| 000 | 00771nam a2200229 a 4500 | ||
|---|---|---|---|
| 005 | 20210223125632.0 | ||
| 008 | 050411s20022003 000 eng d | ||
| 020 | _a9702402581 | ||
| 035 | _aUPN01000138437 | ||
| 049 | _aCG | ||
| 050 | 4 |
_aQA297 _bN5.5 2002 |
|
| 100 | 1 | _aNieves Hurtado, Antonio | |
| 245 | 1 | 0 |
_aMétodos numéricos : _baplicados a la ingeniería / _cAntonio Nieves Hurtado, Federico C. Domínguez Sánchez. |
| 250 | _a2a ed. | ||
| 260 |
_aMéxico : _bContinental, _c2002. |
||
| 300 |
_axvi, 600 p. : _bil., alg. col. + _e1 CD-ROM |
||
| 500 | _aEl CD solicitarlo en Documentación | ||
| 650 | 4 |
_aANALISIS NUMERICO _9554 |
|
| 650 | 4 |
_aPROCESAMIENTO ELECTRONICO DE DATOS _96577 |
|
| 700 | 1 |
_aDomínguez Sánchez, Federico C., _ecoaut. |
|
| 905 | _aLibro | ||
| 999 |
_c110585 _d110585 |
||